000 01215cam a2200349 a 4500
001 16238731
005 20170105102914.0
008 100517s2010 nyuab b 001 0 eng
010 _a 2010019656
020 _a9780816082186
020 _a0816082189
020 _a9780816082193 (pbk.)
020 _a9780816063352
035 _a(OCoLC)ocn460053430
040 _aDLC
_cDLC
_dYDX
_dBTCTA
_dYDXCP
_dCDX
_dVP@
_dDLC
042 _apcc
043 _aa-af---
050 0 0 _aDS356
_b.W34 2010
082 0 0 _a958.1
_222
100 1 _aWahab, Shaista.
245 1 2 _aA brief history of Afghanistan /
_cShaista Wahab and Barry Youngerman.
260 _aNew York :
_bFacts on File,
_cc2007
300 _axii, 308 p. :
_bill., maps ;
_c24 cm.
500 _aPaperback binding has Checkmark Books imprint.
504 _aIncludes bibliographical references and index.
651 0 _aAfghanistan
_xHistory.
700 1 _aYoungerman, Barry.
856 4 1 _3Table of contents only
_uhttp://www.loc.gov/catdir/toc/fy11pdf04/2010019656.html
906 _a7
_bcbc
_corignew
_d1
_eecip
_f20
_gy-gencatlg
942 _2ddc
_cBK
999 _c15276
_d15276